The value of arts and culture for regional development (Record no. 12751)

MARC details
000 -LEADER
fixed length control field 03845nam a2200397Ia 4500
001 - CONTROL NUMBER
control field 9780203385654
003 - CONTROL NUMBER IDENTIFIER
control field BD-DhSAU
005 - DATE AND TIME OF LATEST TRANSACTION
control field 20151012151721.0
006 - FIXED-LENGTH DATA ELEMENTS--ADDITIONAL MATERIAL CHARACTERISTICS
fixed length control field a|||||s|||||||||||
007 - PHYSICAL DESCRIPTION FIXED FIELD--GENERAL INFORMATION
fixed length control field cr||||
008 - FIXED-LENGTH DATA ELEMENTS--GENERAL INFORMATION
fixed length control field 130425s2013 enkabd sb 001 0 eng d
020 ## - INTERNATIONAL STANDARD BOOK NUMBER
International Standard Book Number 9780203385654 (e-book : PDF)
040 ## - CATALOGING SOURCE
Original cataloging agency BD-DhSAU
Transcribing agency BD-DhSAU
043 ## - GEOGRAPHIC AREA CODE
Geographic area code ev-----
090 ## - LOCALLY ASSIGNED LC-TYPE CALL NUMBER (OCLC); LOCAL CALL NUMBER (OCLC)
Classification number (OCLC) (R) ; Classification number, CALL (RLIN) (NR) HD9999.C9473
Local cutter number (OCLC) ; Book number/undivided call number, CALL (RLIN) S348 2013
092 ## - LOCALLY ASSIGNED DEWEY CALL NUMBER (OCLC)
Classification number 306.30948
Item number V215
245 04 - TITLE STATEMENT
Title The value of arts and culture for regional development
Medium [electronic resource] :
Remainder of title a Scandinavian perspective /
Statement of responsibility, etc. edited by Lisbeth Lindeborg and Lars Lindkvist.
260 ## - PUBLICATION, DISTRIBUTION, ETC. (IMPRINT)
Place of publication, distribution, etc. Abingdon, Oxon :
Name of publisher, distributor, etc. Routledge,
Date of publication, distribution, etc. 2013.
300 ## - PHYSICAL DESCRIPTION
Extent xvii, 363 p. :
Other physical details ill., maps.
490 1# - SERIES STATEMENT
Series statement Regions and cities ;
Volume/sequential designation 64
504 ## - BIBLIOGRAPHY, ETC. NOTE
Bibliography, etc Includes bibliographical references and index.
505 0# - FORMATTED CONTENTS NOTE
Formatted contents note 1. En route in the cultural society : an introductory dialogue / Lisbeth Lindeborg and Lars Lindkvi -- 2. Nordic culture : an asset with many facets / Peter Aronsson -- 3. Turning the tide with 'Woman on a cart' : the amazing case of Holstebro / Lisbeth Lindeborg -- 4. The role of culture festivals in regional development : the Festival of Tordenskiold in Frederikshavn / Anne Lorentzen -- 5. Culture as a generator of regional development and economic growth : Skagen and Horsens / Lise Lyck -- 6. The Roskilde Festival and its importance for regional industrial and cultural development / Jon Sundbo -- 7. Translating global ideas into local practices : Creative Tampere Programme / Niina Koivunen -- 8. Great expectations : Turku as the European Capital of Culture 2011 / Alf Rehn ... [et al.] -- 9. The essential power of culture : museums and the Archipelago Trail in the Southwest Finland Archipelago / Katrina Siivonen -- 10. Creativity and post-original : Maritime Centre Vellamo and Kotka-Hamina Region / Saara L. Taalas -- 11. How to develop a region through culture and creativity : the foundation Cultiva in Kristiansand / Trine Bille -- 12. Site-specific strength : the regional power of historical plays and place sponsoring / Anne-Britt Gran -- 13. In culture we trust : beliefs in culture as an instrument for development in the Stavanger region / Hilmar Rommetvedt -- 14. Culture and value creation : an economic analysis of Vara Concert Hall and the Nordic Watercolour Museum / John Armbrecht and Tommy D. Andersson -- 15. Brilliant combinations of art and nature : learning points from the world of opera and classical music / Per Frankelius -- 16. An innovation lost : the Ice Dome Concert Hall Project in Piteãea / Hans Gelter and Jennie Gelter -- 17. 'Finding the spiritus loci' : cultural planning in the Kronoberg Region / Lars Lindkvist ... [et al.] -- 18. Cultural entrepreneurship and creative points of intersection : the Island of Furillen / Lars Lindkvist -- 19. Fragile creativity : lessons from the rise and fall, and rise again, of Sweden's biggest rock festival / Tobias Nielsãaen -- 20. 'Where the roads begin' : a northern renaissance around the Barents Sea : the Barents Euro-Arctic Region / Lisbeth Lindeborg -- 21. The role of arts and culture in regional cooperation : mid-Scandinavian regions Jáeamtland and Tráeondelag / Stig Westerdahl and Wilhelm Skoglund.
530 ## - ADDITIONAL PHYSICAL FORM AVAILABLE NOTE
Additional physical form available note Also available in print edition.
538 ## - SYSTEM DETAILS NOTE
System details note Mode of access: World Wide Web.
650 #0 - SUBJECT ADDED ENTRY--TOPICAL TERM
Topical term or geographic name as entry element Cultural industries
Geographic subdivision Scandinavia.
650 #0 - SUBJECT ADDED ENTRY--TOPICAL TERM
Topical term or geographic name as entry element Arts
General subdivision Economic aspects
Geographic subdivision Scandinavia.
650 #0 - SUBJECT ADDED ENTRY--TOPICAL TERM
Topical term or geographic name as entry element Cultural property
General subdivision Economic aspects
Geographic subdivision Scandinavia.
650 #0 - SUBJECT ADDED ENTRY--TOPICAL TERM
Topical term or geographic name as entry element Regional economics
Geographic subdivision Scandinavia.
650 #0 - SUBJECT ADDED ENTRY--TOPICAL TERM
Topical term or geographic name as entry element Regional planning
Geographic subdivision Scandinavia.
655 #7 - INDEX TERM--GENRE/FORM
Genre/form data or focus term Electronic books.
Source of term lcsh
700 1# - ADDED ENTRY--PERSONAL NAME
Personal name Lindeborg, Lisbeth.
700 1# - ADDED ENTRY--PERSONAL NAME
Personal name Lindkvist, Lars.
776 1# - ADDITIONAL PHYSICAL FORM ENTRY
International Standard Book Number 9780415638371 (hardback)
830 #0 - SERIES ADDED ENTRY--UNIFORM TITLE
Uniform title Regions and cities ;
Volume number/sequential designation 64.
856 40 - ELECTRONIC LOCATION AND ACCESS
Uniform Resource Identifier <a href="http://www.tandfebooks.com/isbn/9780203385654">http://www.tandfebooks.com/isbn/9780203385654</a>

No items available.